00632cam a22001932 4500001001100000005001700011008004100028020001700069040001500086245012800101250001300229260003500242300001700277650004200294700002900336700004000365700003000405852000300435000001848820151217145903.0100201s xx 000 0 eng d a9966255822 : aKABUcKABU10aEnvironmental governance in Kenya :bimplementing the framework law /cedited by C. O. Okidi, P. Kameri-Mbote, Migai Akech. a1st ed. aNairobi :bE. A. E. P.,c2008. axxi, 554 p. 0aEnvironmental lawzKenya.@00001533041 aOkidi, C. O.@00001504901 aKameri-Mbote, Patricia.@00001554551 aAkech, Migai.@00001777531